Los crímenes de la calle morgue y otros cuentos /

Guardado en:
Autor Principal: Poe, Edgar Allan
Formato: Libro
Publicado: Buenos Aires : Centro Editor de Am'rica Latina, 1969
Materias:
Etiquetas: Agregar Etiqueta
Sin Etiquetas, Sea el primero en etiquetar este registro!
LEADER 00558nam a22001935a 4500
001 CEM.cems005107
005 20060220000000.0
008 130507s1969##################000#0#####d
003 CEMS
082 0 4 |a 818.3 
100 1 |a Poe, Edgar Allan 
245 1 0 |a Los crímenes de la calle morgue y otros cuentos / 
260 |a Buenos Aires :  |b Centro Editor de Am'rica Latina,  |c 1969 
300 |a 124 p. 
653 |a Cuentos 
653 |a Cuentos eeuu 
653 |a Cuentos policiales 
653 |a Literatura 
859 |a CEMS  |b BIB. CEMS - 11 de abril  |h 818.3  |i P752  |p 12683.83  |t Ej.1